Logo BPK

Bibliografia Prac Pracowników

Politechniki Koszalińskiej

Specjalne strefy ekonomiczne jako narzędzie wspierania rozwoju regionalnego / (Rekord nr 2648)

Szczegóły MARC
000 -ETYKIETA REKORDU
podpole kontrolne o stałej długości 01263naa a2200205 i 4500
001 - NUMER KONTROLNY REKORDU
podpole kontrolne 2648
003 - IDENTYFIKATOR NUMERU KONTROLNEGO REKORDU
podpole kontrolne KOSZ 005
005 - DATA OSTATNIEJ MODYFIKACJI REKORDU
podpole kontrolne 20180202154701.0
008 - POLE O STAŁEJ DŁUGOŚCI - DANE KONTROLNE
podpole kontrolne o stałej długości 160126s2008 pl f |000 0 pol
040 ## - ŹRÓDŁO KATALOGOWANIA
Instytucja, która utworzyła rekord BPK
Instytucja, która dokonała modyfikacji KOSZ 005/EG
080 ## - UNIWERSALNA KLASYFIKACJA DZIESIĘTNA - UKD
UKD 332.1
100 1# - NAZWA OSOBOWA
Nazwa osobowa ROSA, Anna.
Lata pracy 2001 - .
Instytucja Politechnika Koszalińska - Instytut Ekonomii i Zarządzania,
Wydział Zakład Finansów
245 10 - TYTUŁ/ODPOWIEDZIALNOŚĆ
Tytuł Specjalne strefy ekonomiczne jako narzędzie wspierania rozwoju regionalnego /
Pozostałe elementy strefy tytułu i oznaczenia odpowiedzialności Anna Rosa.
500 ## - UWAGI OGÓLNE
Tekst uwagi Dane z autopsji.
520 ## - UWAGA DOTYCZĄCA TREŚCI DOKUMENTU
Analiza dokumentacyjna, adnotacja itp. Proces przechodzenia z gospodarki centralnie sterowanej do gospodarki rynkowej oraz zmiana ustroju ekonomicznego, zweryfikowały stan krajowego przemysłu. Sytuacja wymagała stworzenia instrumentu gospodarczego, stymulującego rozwój inwestycji bez bezpośredniego angażowania środków z budżetu państwa. Specjalne Strefy Ekonomiczne stały się właśnie wtedy jednym z instrumentów polityki gospodarczej państwa, który wspiera rozwój lokalny i regionalny.
650 #0 - HASŁO PRZEDMIOTOWE W FORMIE NAZWY OGÓLNEJ LUB JEDNOSTKOWEJ
Nazwa ogólna lub geograficzna Rozwój regionalny.
650 #0 - HASŁO PRZEDMIOTOWE W FORMIE NAZWY OGÓLNEJ LUB JEDNOSTKOWEJ
Nazwa ogólna lub geograficzna Gospodarka - polityka.
773 0# - TYTUŁ DOKUMENTU MACIERZYSTEGO
Wyrażenie wprowadzające W :
Tytuł Problemy rozwoju regionalnego w teorii i praktyce / red. nauk. Antoni Szreder. -
Adres wydawniczy Słupsk : Wyższa Hanzeatycka Szkoła Zarządzania, 2008. -
Informacje dotyczące relacji s. 133-143
942 ## - HASŁO DODATKOWE - ELEMENTY(KOHA)
Typ dokumentu Rozdział
Schemat klasyfikacji Uniwersalna klasyfikacja dziesiętna
Egzemplarze
Wycofany Zagubiony Uszkodzony Dostępność Lokalizacja stała Lokalizacja bieżąca Sygnatura Typ dokumentu
      Dostępny Bibliografia Prac Pracowników - BPK Bibliografia Prac Pracowników - BPK 94596 Rozdział
© 2014 Biblioteka Politechniki Koszalińskiej :: BIBLIOGRAFIA PRAC PRACOWNIKÓW